| 000 | 00613nam a22001695i 4500 | ||
|---|---|---|---|
| 001 | 170597 | ||
| 003 | ES-MaACL | ||
| 005 | 20230906214418.0 | ||
| 008 | 090323s1907 fr |||| | fre d | ||
| 080 | _a821.133.1-2"19" | ||
| 100 | 1 |
_aSardou, Victorien. _9103800 |
|
| 245 | 1 | 0 |
_aThéodora _b: [drame en cinq actes et sept tableaux] / _cpar Victorien Sardou. |
| 260 |
_a[Paris : _bL'Illustration, _c1907] |
||
| 300 |
_a40 p. : _bil. ; _c30 cm. |
||
| 500 | _aPublicado en: L'Illustration théatrale, nº 66, 7 septembre 1907. | ||
| 852 |
_aES-MaACL _j2278-F-19 _9R.141174 _z.- Biblioteca Jacinto Martínez Lacalle |
||
| 999 |
_c170597 _d170597 |
||